000 01746cam a2200265 i 4500
001 ocn880685362
005 20180601164027.0
008 130625s2013 enkac frb 001 0 eng d
020 _a0199652678
035 _a(OCoLC)880685362
_z(OCoLC)850177963
_z(OCoLC)877675922
040 _aCo-BoUCM
_bspa
_cSaul Niño
_dSaul Niño
041 0 _aeng
060 1 0 _aW18
245 0 0 _aOxford textbook of medical education
_cedited by Kieran Walsh
260 _aOxford (Inglaterra)
_bOxford University Press
_c2013
300 _axxvii, 746 páginas
_bilustraciones, retratos
520 _aProviding a comprehensive and evidence-based reference guide for those who have a strong and scholarly interest in medical education, the Oxford Textbook of Medical Education contains everything the medical educator needs to know in order to deliver the knowledge, skills, and behaviour that doctors need. The book explicitly states what constitutes best practice and gives an account of the evidence base that corroborates this. Describing the theoretical educational principles that lay the foundations of best practice in medical education, the book gives readers a through grounding in all aspects of this discipline. Contributors to this book come from a variety of different backgrounds, disciplines and locations, producing a book that is truly original and international.--Publisher.
546 _aTexto en ingles
650 7 _aEducación médica
_913840
_vGuías
_xEstudio y enseñanza
650 7 _aMedicina alternativa
_919129
_vGuías
650 7 _aMédicos
_919211
_vGuías
_xEstudio y enseñanza
690 0 _aMedicina general
_919160
700 1 _aWalsh, Kieran
_975617
942 _2DEWEY
_a15
_cLIBRORESER
_e1
_hW 18
_mM489me
_n0
999 _c302473
_d302473